000 01542nam a2200397 a 4500
001 ebr10231572
003 CaPaEBR
006 m u
007 cr cn|||||||||
008 080314s2008 dcua sb i001 0 eng
010 _z 2008011425
020 _z9780821369999
020 _z0821369997
020 _z9780821370001 (electronic)
020 _z0821370006 (electronic)
040 _aCaPaEBR
_cCaPaEBR
035 _a(OCoLC)320325809
043 _ad------
050 1 4 _aHN18.3
_b.I545 2008eb
082 0 4 _a320.609172/4
_222
245 0 0 _aInclusive states
_h[electronic resource] :
_bsocial policy and structural inequalities /
_cAnis A. Dani and Arjan de Haan, editors.
260 _aWashington, D.C. :
_bWorld Bank,
_cc2008.
300 _axlviii, 418 p. :
_bill.
490 1 _aNew frontiers of social policy
504 _aIncludes bibliographical references and index.
533 _aElectronic reproduction.
_bPalo Alto, Calif. :
_cebrary,
_d2013.
_nAvailable via World Wide Web.
_nAccess may be limited to ebrary affiliated libraries.
650 0 _aSocial policy.
650 0 _aStructural adjustment (Economic policy)
_xSocial aspects.
651 0 _aDeveloping countries
_xSocial policy.
655 7 _aElectronic books.
_2local
700 1 _aDani, Anis A.
_q(Anis Ahmad)
700 1 _aHaan, Arjan de.
710 2 _aebrary, Inc.
830 0 _aNew frontiers of social policy.
856 4 0 _uhttp://site.ebrary.com/lib/rucke/Doc?id=10231572
_zAn electronic book accessible through the World Wide Web; click to view
999 _c40134
_d40134